| 000 | 00587 a2200157 4500 | ||
|---|---|---|---|
| 003 | Nust | ||
| 005 | 20230128091514.0 | ||
| 040 | _cNust | ||
| 082 | _a909.82,NIX | ||
| 100 |
_aRichard Nixon _99108 |
||
| 245 |
_aLeaders / _cRichard Nixon |
||
| 260 |
_alondon _bSidgwick & Jackson _c1982 |
||
| 300 | _a371p; | ||
| 505 | _aThey Made a Differences (Page-1), Winston Churchill (Page-7), Charles de Gaulle (Page-40), Douglas MacArthur and Shigeru Yoshida (Page-81), Konrad Adenauer (Page-133), Zhou Enlai (Page-217), A New World (Page-),(Page-249), In the Arena (Page-320). | ||
| 942 |
_2ddc _cBK |
||
| 999 |
_c194005 _d194005 |
||